000 00662nam a2200241Ia 4500
003 OSt
005 20221007081012.0
006 a|||||r|||| 00| 0
007 ta
008 221006b |||||||| |||| 00| 0 eng d
024 _a27,765
037 _cReports / Technical Reports
040 _aFLL
_cFLL
_beng
041 _2eng
_aeng
082 _aZ73:166, L0.12
100 _aBander Edward J.
_9696097
245 0 _aCollier on bankruptcy
250 _a14th
260 _aNew York
_bMatthew Bender
_c1970
300 _a1156p
_ccm.
942 _hZ73:166, L0.12
_cREP
_2CC
999 _c1161635
_d1161635